Ochrana spotrebiteľa v politikách Európskej únie diplomová práca

Saved in:
Bibliographic Details
Main Author: Hospodár, Martin
Corporate Author: Fakulta medzinárodných vzťahov EU. Katedra medzinárodných ekonomických vzťahov a hospodárskej diplomacie
Other Authors: Harakaľová, Ľubica, 1963-
Format: Book
Language:Slovak
Published: Bratislava 2021
Tags: Add Tag
No Tags, Be the first to tag this record!

MARC

LEADER 00000nbm a2200000 4500
001 0275349
005 20220314132037.6
041 0 |a slo 
044 |a SK 
245 1 0 |a Ochrana spotrebiteľa v politikách Európskej únie  |b diplomová práca  |c Martin Hospodár ; školiteľ: Ľubica Harakaľová 
264 1 |a Bratislava  |c 2021 
300 |a 63 s. 
100 1 |a Hospodár, Martin 
700 1 |a Harakaľová, Ľubica, 1963- 
710 2 |a Fakulta medzinárodných vzťahov EU. Katedra medzinárodných ekonomických vzťahov a hospodárskej diplomacie